Visualizzazione normale
Vista MARC
- Marcus Paul
di Personal Name
Records bibliografici associati: 1
001 - CONTROL NUMBER
- control field: 41769
003 - CONTROL NUMBER IDENTIFIER
- control field: IT-RoPau
005 - DATE AND TIME OF LATEST TRANSACTION
- control field: 20151126203856.0
008 - FIXED-LENGTH DATA ELEMENTS
- fixed length control field: 151126|| aca||aabn | a|a d
040 ## - CATALOGING SOURCE
- Original cataloging agency: IT-RoPau
- Transcribing agency: IT-RoPau
100 ## - HEADING--PERSONAL NAME
- Personal name: Marcus Paul
- Relator term: (regista)
- Miscellaneous information: Codice regista SPICS: 58058
670 ## - SOURCE DATA FOUND
- Source citation: Work cat.: (IT-RoPau)105500: Marcus Paul Codice regista SPICS: 58058 41763, NERONE NERONE (Rif. Codice opera principale : H5318)